Statistics for Billie Eilish Charting Songs (Bubbling Under)

Click here to take the quiz!

General Stats

  • This quiz has been taken 18 times
  • The average score is 3 of 6

Answer Stats

AlbumPeakArtist(s)Song% Correct
13 Reasons Why: Season 2 and don't smile at me#2Billie Eilish & KhalidLovely
86%
don't smile at me#3Billie Eilishbellyache
64%
don't smile at me#12Billie EilishCOPYCAT
64%
don't smile at me#11Billie Eilishocean eyes
50%
don't smile at me#1Billie Eilishidontwannabeyouanymore
43%
WHEN WE ALL FALL ASLEEP WHERE DO WE GO?#4Billie Eilishgoodbye
0%

Score Distribution

Percentile by Number Answered

Percent of People with Each Score

Your Score History

You have not taken this quiz